H disney/pixar characters - Statistics

General Stats
  • This quiz has been taken 21 times
  • The average score is 11 of 34
Answer Stats
Hint Answer % Correct
Hercules Hercules
92%
Frozen Hans
83%
Hercules Hades
75%
Finding Dory Hank
67%
Hercules Hera
58%
Big Hero 6 Hiro
58%
Duck Tales Huey
50%
Snow White Happy
42%
Brave Harris
42%
Coco Hector
42%
A Bugs Life Hopper
42%
Brave Hamish
33%
Moana Heihei
33%
Big Hero 6 Honey Lemon
33%
Brave Hubert
33%
Sleeping Beauty Hubert
33%
Snow White Huntsman
33%
Toy Story Hamm
25%
The Great Mouse Detective Hiram Flaversham
25%
Frozen 2 Honeymaren
25%
Mickey Mouse Horace
25%
101 Dalmatians Horace
25%
A Bugs Life Heimlich
17%
Atlantis Helga
17%
The Black Cauldron Henwen
17%
Hercules Hermes
17%
Cars 2 Holley Shiftwell
17%
The Black Cauldron Horned King
17%
The Hunchback of Notre Dame Hugo
17%
Toy Story Hannah
8%
Ratatouille Horst
8%
The Jungle Book Hathi jr
0%
Monsters Inc Henry Waternoose
0%
The Aristocats Hit Cat
0%
No matching quizzes found
Score Distribution
Percent of People with Each Score
Percentile by Number Answered
Your Score History
You have not taken this quiz